| 000 | 00690nam a22002057a 4500 | ||
|---|---|---|---|
| 999 |
_c158972 _d158972 |
||
| 006 | a|||||f|||| 00| 0 | ||
| 007 | tc | ||
| 008 | 180713b xxu|||||f|||| 00| 0 eng d | ||
| 010 | _aB-226792-B-226793 | ||
| 020 | _c05.00 | ||
| 035 | _aB-226792 | ||
| 037 | _bA.I.C.B. | ||
| 082 | _a340 | ||
| 245 |
_aThe Gazette of India Part-11 Section-1 _b:The Right to Information Act-2005 |
||
| 260 |
_aNew Delhi _bA.I.C.B. _cN.D. |
||
| 270 |
_aSector-5, Rohini, _bNew Delhi _e110085 |
||
| 300 |
_avarious pages _c30cm(HB) |
||
| 942 |
_2ddc _cBRLEN _h340 _mGAZ |
||